000 00710nam a2200205Ia 4500
005 20241216011336.0
008 190429s9999||||xx |||||||||||||| ||und||
082 _a613.0438
_bC22
100 _aCAMPOS CASTRO, EGMA ESTEFANIA Y GAMARRA VEGA, GLORIA LUZ
245 0 _aINFLUENCIA DE LOS FACTORES SOCIOECONOMICOS Y FAMILIARES EN EL ESTADO DE SALUD DEL ANCIANO EN EL DISTRITO DE YANACANCHA, ABRIL - SETIEMBRE DEL 2000
250 _a0
260 _aCERRO DE PASCO-PERU
_bUNDAC
_c2001
300 _a68 pag.
_c30 cm.
341 _h0
490 _v0
_a0
505 _aHABITOS/OCUPACION/ECONOMIA/NUCLEO FAMILIAR
541 _aD
_bCAMPOS CASTRO, EGMA E.
_d12-Feb-02
_oSoles
650 _aEnfermería
942 _cTESIS
999 _c39250
_d39250